000 00527nam a2200157Ia 4500
008 220216s9999 xx 000 0 und d
100 _aVinod V.S.
245 0 _aUse of aluminium powder in thick rubber articles for uniform curing and reducing curing time
260 _bProceedings of the 18th IRMRA Rubber Conference, 20-21 January 2000, Bombay, India, pp.71-77.
_c2000
650 _aAluminium powder
650 _aCuring time
650 _aVulcanization
700 _aKuriakose B.
700 _aVarghese S.
942 _cBS
999 _c53063
_d53063